| 000 | 00628nam a22002417a 4500 | ||
|---|---|---|---|
| 001 | 30262 | ||
| 003 | UA-OsUOA | ||
| 005 | 20211204183510.0 | ||
| 007 | ta | ||
| 008 | 20041108b un ||||| |||| 00| 0 ukr d | ||
| 040 |
_aUA-OsUOA _brus _cUA-OsUOA _dUA-OsUOA |
||
| 041 | _arus | ||
| 044 | _aRU | ||
| 080 | _a91 | ||
| 090 |
_a91 _bК18 |
||
| 100 | _aКамерон В. Л. | ||
| 245 |
_aПересекая Африку _cВ. Л. Камерон ; ред. К. В. Малаховский, Л. Б. Алаев |
||
| 260 |
_aМосква _bНаука _c1981 |
||
| 300 | _a454 с. | ||
| 650 | 7 | _2UDC | |
| 942 |
_cBK _2udc |
||
| 955 | _a0 | ||
| 999 |
_c316670 _d316670 |
||